Okres Veľký Krtíš v tlači za rok... - 1. polrok bibliografická ročenka

Bibliographic Details
Format: Serial
Language:Slovak
PhysicalDescription:zv. 21 cm
Published: Veľký Krtíš Hontiansko-novohradská knižnica A. H. Škultétyho
ISBN:8085577100
Subjects:

MARC

LEADER 00000nas a2200000 a 4500
001 vtls001475442
003 SK-MaSNL
005 20260228161336.0
008 160624cuuuu xo ka a 0 0slo c
020 |a 8085577100 
035 |a SNK000430743 
040 |a SNK  |b slo  |c SNK  |e AACR2 
041 0 |a slo 
043 |a e-xo--- 
072 7 |a 01  |2 konspekt 
245 1 |a Okres Veľký Krtíš v tlači za rok... - 1. polrok  |b bibliografická ročenka 
260 |a Veľký Krtíš  |b Hontiansko-novohradská knižnica A. H. Škultétyho 
300 |a zv.  |c 21 cm 
310 |a Ročenka 
362 0 |a 2001- 
500 |a Do r. 2000 spracované ako monografia 
500 |a Súčasťou názvu je označenie bežného roku 
500 |a Názov z obalu 
500 |a Popis podľa: R. 2001 (vydané v r. 2002) 
650 0 7 |a bibliografia  |2 konspekt  |9 24254 
651 0 7 |a Veľký Krtíš (Slovensko : okres)  |2 SNK  |9 24950 
655 7 |a ročenky  |2 SNK  |9 57146 
655 7 |a bibliografie  |9 28668 
655 |2 phsnk 
850 |a Slovenská národná knižnica v Martine 
919 |a 80-85577-10-0 
999 |c 5049  |d 6979 
952 |0 0  |1 0  |4 0  |7 0  |a SNK  |b SNK  |d 2004-05-25  |i snkPV 758/2004  |l 0  |o snkČSB 3529/2001/1  |p 17A0431079  |r 2005-01-02 00:00:00  |t P60, <06>, [ISSUE], {606}, -P-  |w 2026-02-21  |y PREZ 
952 |0 0  |1 0  |4 0  |7 0  |a SNK  |b SNK  |d 2004-05-25  |i snkPV 759/2004  |l 0  |o snkČSB 3529/2001/1 D1  |p 17A0431080  |r 2005-01-02 00:00:00  |t P60, <06>, [ISSUE], {606}  |w 2026-02-21  |y PREZ